[Event "ICS rated blitz match"]
[Site "207.99.83.227"]
[Date "1999.03.24"]
[Round "?"]
[White "Hossa"]
[Black "rajah"]
[Result "1-0"]
[WhiteElo "2537"]
[BlackElo "2522"]
[PlyCount "129"]

1. e4 e6 2. d4 d5 3. Nc3 Nf6 4. e5 Nfd7 5. Nf3 c5 6. dxc5 Nc6 7. Bb5 Bxc5 8.
O-O O-O 9. Bf4 a6 10. Bxc6 bxc6 11. Qd3 f6 12. exf6 Qxf6 13. Bg5 Qf5 14. Qxf5
Rxf5 15. Na4 Bd6 16. Rad1 Rb8 17. c3 Bb7 18. Rde1 e5 19. Bd2 c5 20. b3 d4 21.
Ng5 d3 22. Nb2 h6 23. Nc4 Bf8 24. Ne6 Be7 25. Nf4 exf4 26. Rxe7 Rg5 27. f3 Rd5
28. Bxf4 Rf8 29. Ne3 Rxf4 30. Nxd5 Rf7 31. Rxf7 Kxf7 32. Nf4 Ne5 33. Rd1 c4 34.
bxc4 Nxc4 35. Rxd3 Ke8 36. Nh5 g6 37. Nf6+ Kf8 38. Rd7 Bc6 39. Rc7 Na5 40. Ng4
h5 41. Ne5 Be8 42. f4 h4 43. h3 Bb5 44. Nxg6+ Ke8 45. f5 Bd3 46. Rc8+ Kd7 47.
Rc5 Bxf5 48. Rxf5 Nc4 49. Nxh4 Nd6 50. Rd5 Kc6 51. Rxd6+ Kxd6 52. g4 Ke7 53. g5
a5 54. g6 Ke8 55. Nf5 a4 56. h4 Kf8 57. g7+ Kg8 58. c4 Kf7 59. c5 Ke8 60. g8=Q+
Kd7 61. Qd5+ Kc7 62. Qd6+ Kb7 63. Qd7+ Ka6 64. Nd6 a3 65. Qa4# {
rajah checkmated} 1-0

[Event "ICS Rated blitz match"]
[Site "207.99.83.227"]
[Date "1999.03.24"]
[Round "?"]
[White "Hossa"]
[Black "bine"]
[Result "1/2-1/2"]
[WhiteElo "2552"]
[BlackElo "2321"]
[PlyCount "89"]

1. e4 c5 2. Bc4 e6 3. Nc3 Nc6 4. Nf3 Nf6 5. O-O a6 6. d3 b5 7. Bb3 d6 8. Bg5
Be7 9. d4 cxd4 10. Nxd4 Bb7 11. Nxc6 Bxc6 12. Qd4 O-O 13. Rad1 Qc7 14. Rfe1
Rad8 15. Re3 h6 16. Bh4 Rfe8 17. Rg3 Nh5 18. Rg4 Bxh4 19. Rxh4 Nf6 20. Rd3 e5
21. Qe3 b4 22. Ne2 d5 23. exd5 Bxd5 24. Rxb4 Bxb3 25. Rbxb3 Qxc2 26. f3 e4 27.
Rxd8 Rxd8 28. Kf2 exf3 29. gxf3 Re8 30. Qd3 Qc5+ 31. Kf1 Qe5 32. Qxa6 Qxh2 33.
a4 h5 34. a5 h4 35. Qc4 h3 36. Rb7 Qg2+ 37. Ke1 Rxe2+ 38. Qxe2 Qxe2+ 39. Kxe2
h2 40. a6 h1=Q 41. a7 Qg2+ 42. Ke1 Qg1+ 43. Ke2 Qg2+ 44. Ke1 Qg1+ 45. Ke2 {
Game drawn by mutual agreement} 1/2-1/2

[Event "ICS rated blitz match"]
[Site "207.99.83.227"]
[Date "1999.03.24"]
[Round "?"]
[White "jo"]
[Black "Hossa"]
[Result "0-1"]
[WhiteElo "2440"]
[BlackElo "2543"]
[PlyCount "62"]

1. e4 d6 2. d4 Nf6 3. Nc3 c6 4. f3 e6 5. Be3 Be7 6. Qd2 O-O 7. O-O-O b6 8. g4
b5 9. h4 Qa5 10. Kb1 b4 11. Nce2 Ba6 12. h5 Bc4 13. Nc1 Bxf1 14. Rxf1 Qb5 15.
Nge2 Nfd7 16. g5 Nb6 17. b3 f5 18. gxf6 Bxf6 19. Nd3 a5 20. e5 Be7 21. Rhg1 Nd5
22. Bh6 Rf7 23. Rg3 Ra7 24. Rfg1 Bf8 25. exd6 Bxd6 26. Bxg7 Rxg7 27. Rxg7+ Rxg7
28. Rxg7+ Kxg7 29. Qg5+ Kf7 30. h6 Nc3+ 31. Nxc3 31... Qxg5 {jo resigns} 0-1

[Event "ICS rated blitz match"]
[Site "207.99.83.227"]
[Date "1999.03.24"]
[Round "?"]
[White "jo"]
[Black "Hossa"]
[Result "0-1"]
[WhiteElo "2434"]
[BlackElo "2564"]
[PlyCount "40"]

1. e4 c5 2. Nf3 Nc6 3. Bb5 a6 4. Bxc6 dxc6 5. d3 Bg4 6. O-O e6 7. a3 Bd6 8. a4
Ne7 9. a5 Qc7 10. h3 Bxf3 11. Qxf3 Rd8 12. Nd2 O-O 13. Nc4 Ng6 14. Be3 Qe7 15.
Qe2 Ne5 16. Nxe5 Bxe5 17. Rab1 Bc7 18. Bd2 c4 19. dxc4 Qd6 20. g3 20... Qxd2 {
jo resigns} 0-1

[Event "ICS rated blitz match"]
[Site "207.99.83.227"]
[Date "1999.03.24"]
[Round "?"]
[White "Hossa"]
[Black "jo"]
[Result "0-1"]
[WhiteElo "2574"]
[BlackElo "2409"]
[Annotator "Crafty v16.6"]
[PlyCount "86"]

{annotating for player Hossa using a scoring margin of +0.10 pawns. search
time limit is 12.00} 1. e4 1... c5 2. Bc4 h5 3. Ne2 ({8:+0.16} 3. Ne2 3... Nc6
4. Bb5 Qb6 5. Na3 Nf6 6. O-O 6... Nxe4 $10) ({8:+0.35} 3. Nf3 3... Nc6 4. Nc3
e5 5. d3 Nge7 6. Bg5 6... d6 $14) 3... e6 4. Nbc3 h4 5. Nf4 ({8:+0.30} 5. Nf4
5... Nc6 6. d3 Na5 7. Bb5 a6 8. Ba4 8... Nf6 $10) ({8:+0.58} 5. d4 5... Nc6 6.
Be3 Na5 7. Bb5 a6 8. Bd3 8... c4 $14) 5... a6 6. O-O ({7:+0.48} 6. O-O 6... e5
7. Nd3 d6 8. b4 b5 9. Bd5 $14) ({7:+0.65} 6. Qf3 6... Qf6 7. Qe3 Bd6 8. d3 b5
9. Bb3 $14) 6... Nc6 7. d3 Qc7 8. Bd2 Bd6 9. Qg4 g6 10. Bb3 Nf6 11. Qg5 Be7 12.
Nfe2 ({8:-1.13} 12. Nfe2 12... Nxe4 13. Qf4 Qxf4 14. Bxf4 Nxc3 15. Nxc3 e5 16.
Be3 16... d6 $17) ({8:-0.89} 12. Bc1 12... Nxe4 13. Qg4 Nxc3 14. bxc3 Qe5 15.
Bd2 Qf5 16. Qf3 $17) 12... Nxe4 13. Qe3 ({9:-1.81} 13. Qe3 13... Nxd2 14. Qxd2
h3 15. gxh3 Rxh3 16. f4 d6 17. d4 cxd4 18. Nxd4 18... Bh4 $19) ({9:-1.39} 13.
Qf4 $17) 13... Nxd2 14. Qxd2 b5 15. Nf4 ({8:-2.09} 15. Nf4 15... Bd6 16. g3 Nd4
17. Qe3 Bxf4 18. Qxf4 Qxf4 19. gxf4 19... h3 $19) ({8:-1.96} 15. Qe3 15... h3
16. gxh3 d5 17. Nd1 f5 18. d4 18... c4 $19) 15... Bb7 16. Rae1 d5 17. Nce2
O-O-O 18. a4 Kb8 19. axb5 axb5 20. Qe3 Bd6 21. Kh1 g5 22. Nh3 g4 23. Nhf4 d4
24. Qc1 Ne7 25. h3 e5 26. hxg4 exf4 27. f3 h3 28. gxh3 Rxh3+ 29. Kg2 Rdh8 30.
Rf2 Qd7 31. Ng1 Qxg4+ 32. Kf1 Bxf3 33. Nxf3 Rxf3 34. Bd5 Rh1+ 35. Ke2 Re3+ 36.
Kd2 Rhxe1 37. Qxe1 Rxe1 38. Kxe1 Nxd5 39. Re2 f3 40. b3 fxe2 41. b4 Qf3 42.
bxc5 Qf1+ 43. Kd2 Qd1# 0-1

[Event "ICS rated blitz match"]
[Site "207.99.83.227"]
[Date "1999.03.24"]
[Round "?"]
[White "TDChess"]
[Black "Hossa"]
[Result "1-0"]
[WhiteElo "2580"]
[BlackElo "2551"]
[Annotator "Crafty v16.6"]
[PlyCount "123"]

{annotating for player Hossa using a scoring margin of +0.10 pawns. search
time limit is 12.00} 1. Nf3 1... Nc6 2. e4 Nf6 3. e5 Ng4 4. d4 d6 5. Bb5 dxe5
6. h3 e4 7. hxg4 exf3 8. Qxf3 Bd7 9. Be3 Nxd4 10. Bxd4 Bxb5 11. Qxb7 Bd7 12. f3
a6 ({9:-0.92} 12... a6 13. Nd2 c5 14. Bxc5 Rb8 15. Qxa6 Rxb2 16. Qd3 16... Qc7
$16) ({9:-0.70} 12... c5 13. Bxc5 Rb8 14. Qxa7 Rxb2 15. Na3 Bc6 16. Bd4 16...
Rb4 $14) 13. Nd2 Rb8 14. Qxa6 Bxg4 15. Qc6+ Bd7 16. Qc3 f6 17. O-O-O e5 18. Be3
Be7 19. Ne4 O-O 20. Qd3 f5 21. Qxd7 Qxd7 22. Rxd7 fxe4 23. Rxe7 exf3 24. gxf3
Rxf3 25. Bc5 Rc8 26. Rxe5 h6 27. Rhe1 Kh7 28. Re7 Rf5 29. Bd4 Rg5 30. Kb1 c5
31. Be5 Rg2 32. Bf4 h5 33. Rh1 Kg6 34. Re5 Rf8 35. Be3 Rf3 36. Bxc5 h4 37. b3
Rc3 38. Rxh4 Rgxc2 39. Be3 Rg2 40. Re6+ Kf7 41. Rhe4 Rd3 42. Bc1 g5 43. Re7+
Kg6 44. R4e6+ Kf5 45. Re5+ Kf6 46. R7e6+ Kf7 47. Rc6 g4 48. Rf5+ Ke7 49. Bg5+
Kd7 50. Rc1 Ke6 51. Rf6+ Kd5 52. Bf4 Rf3 53. Rd1+ Ke4 54. Re1+ Kd4 55. Rd6+ Kc5
56. Rc1+ Kb5 57. a4+ Kb4 58. Rb6+ Ka5 59. Rb5+ Ka6 60. Rc6+ Ka7 61. Bb8+ Ka8
62. Ra6# 1-0

[Event "ICS rated blitz match"]
[Site "207.99.83.227"]
[Date "1999.03.24"]
[Round "?"]
[White "Hossa"]
[Black "TDChess"]
[Result "0-1"]
[WhiteElo "2536"]
[BlackElo "2591"]
[Annotator "Crafty v16.6"]
[PlyCount "74"]

{annotating for player Hossa using a scoring margin of +0.10 pawns. search
time limit is 12.00} 1. e4 1... e6 2. d4 d5 3. Nc3 Bb4 4. Qg4 Nf6 5. Qxg7 Rg8
6. Qh6 Rg6 7. Qf4 ({8:-0.43} 7. Qf4 7... Nxe4 8. Qe3 Nc6 9. Nf3 Rg4 10. h3
10... Rg6 $15) ({8:-0.26} 7. Qh3 7... dxe4 8. Nge2 Nc6 9. Qe3 Rg4 10. Bd2 10...
Bd7 $10) 7... Nxe4 8. Qe3 e5 9. Bd2 ({7:-0.46} 9. Bd2 9... Nxd2 10. Qxd2 Nc6
11. a3 Bxc3 12. bxc3 exd4 13. cxd4 13... Bg4 $15) ({7:-0.28} 9. Nf3 9... Nc6
10. Bb5 Rxg2 11. Nxe5 Bd7 12. Nxc6 Bxc6 13. Bxc6+ 13... bxc6 $10) 9... Nxd2 10.
Qxd2 Nc6 11. dxe5 ({8:-0.89} 11. dxe5 11... d4 12. a3 Ba5 13. b4 dxc3 14. Qxd8+
Kxd8 15. Rd1+ Bd7 16. bxa5 16... Nxe5 $17) ({8:-0.66} 11. Nf3 11... e4 12. Ne5
Nxe5 13. dxe5 d4 14. Rd1 Bxc3 15. bxc3 15... Bg4 $15) 11... d4 12. a3 Ba5 13.
b4 Nxb4 14. axb4 Bxb4 15. Nge2 dxc3 16. Qxd8+ Kxd8 17. Rb1 a5 18. Nf4 Rg4 19.
Rd1+ Bd7 20. e6 fxe6 21. Nxe6+ Kc8 22. f3 Rg8 23. Nf4 Rg5 24. Nd5 Re5+ 25. Kf2
Bc5+ 26. Kg3 Bf5 27. f4 Re8 28. Bd3 Rg8+ 29. Kh4 Be6 30. h3 Rxg2 31. Nxc3 Be7+
32. Kh5 Bf7+ 33. Kh6 Bf8+ 34. Kxh7 Bg8+ 35. Kh8 Bg7+ 36. Kxg8 Kd7+ 37. Kf7 Rf8#
0-1

[Event "ICS rated blitz match"]
[Site "207.99.83.227"]
[Date "1999.03.24"]
[Round "?"]
[White "TDChess"]
[Black "Hossa"]
[Result "1-0"]
[WhiteElo "2604"]
[BlackElo "2523"]
[Annotator "Crafty v16.6"]
[PlyCount "53"]

{annotating for player Hossa using a scoring margin of +0.10 pawns. search
time limit is 12.00} 1. Nf3 1... Nc6 2. e4 Nf6 3. e5 Ng4 4. d4 d6 5. Bb5 dxe5
6. h3 e4 7. hxg4 exf3 8. Qxf3 Bd7 9. Be3 Nxd4 10. Bxd4 Bxb5 11. Qxb7 Bd7 12.
Na3 Rb8 ({8:-0.80} 12... Rb8 13. Qxa7 Bxg4 14. Be5 Rb6 15. Bxc7 Re6+ 16. Kf1
16... Qd2 $16) ({8:-0.60} 12... e5 13. Nb5 Bb4+ 14. c3 O-O 15. Qe4 h6 16. cxb4
exd4 17. Nxd4 $14) 13. Qxa7 Bxg4 ({8:-0.96} 13... Bxg4 14. Be5 Qc8 15. f3 Be6
16. Qc5 Qd7 17. c4 $16) ({8:-0.79} 13... f6 14. Nc4 e5 15. Bc3 Bxg4 16. Ba5 Rc8
17. Qb7 $16) 14. Be5 Qc8 15. f3 Rb7 ({9:-1.20} 15... Rb7 16. Qd4 f6 17. fxg4
fxe5 18. Qa4+ c6 19. O-O-O Rd7 20. Rdf1 $16) ({9:-1.00} 15... Bd7 16. O-O-O Rb7
17. Qe3 f6 18. Bc3 e5 19. Nc4 19... Be7 $16) 16. Qc5 f6 17. fxg4 Qe6 18. O-O-O
fxe5 19. Rhe1 e4 20. Nb5 c6 21. Nd4 Qh6+ 22. g5 Qd6 23. Qf5 Qb4 24. Qc8+ Kf7
25. Rf1+ Kg6 26. Qf5+ Kh5 27. Rh1# 1-0

[Event "ICS rated bullet match"]
[Site "207.99.83.227"]
[Date "1999.03.24"]
[Round "?"]
[White "Hossa"]
[Black "mk16"]
[Result "1-0"]
[WhiteElo "2449"]
[BlackElo "2165"]
[PlyCount "101"]

1. e4 e6 2. d4 d5 3. Nc3 dxe4 4. Nxe4 Nd7 5. Nf3 Ngf6 6. Nxf6+ Nxf6 7. Bg5 Be7
8. Bxf6 Bxf6 9. Bc4 O-O 10. O-O h6 11. Bb5 c6 12. Bc4 Qb6 13. Rb1 Qd8 14. Re1
b5 15. Bd3 Bb7 16. Be4 Qc7 17. c4 bxc4 18. Qa4 a5 19. Qxc4 Rad8 20. b4 axb4 21.
Qxb4 Ba6 22. Rbc1 Qb8 23. Qxb8 Rxb8 24. Rxc6 Bb7 25. Rc4 Ba6 26. Rc7 Rbd8 27.
a4 Bxd4 28. a5 Bf6 29. Ra7 Bc4 30. Kh1 Bd5 31. a6 Bxe4 32. Rxe4 Rd6 33. h4 Rb8
34. Kh2 Rbb6 35. Ra8+ Kh7 36. a7 Ra6 37. g4 Rd7 38. g5 hxg5 39. hxg5 Be7 40.
Rh4+ Kg6 41. Ne5+ Kf5 42. Nxd7 Bd6+ 43. Kg2 Ra3 44. Rd4 Be5 45. Nxe5 Kxe5 46.
Rd7 Ra6 47. Rxf7 Ra4 48. Rb8 Rg4+ 49. Kf3 Rxg5 50. Rb5+ Kd6 51. Rxg5 {
mk16 resigns} 1-0

[Event "ICS rated bullet match"]
[Site "207.99.83.227"]
[Date "1999.03.24"]
[Round "?"]
[White "mk16"]
[Black "Hossa"]
[Result "0-1"]
[WhiteElo "2160"]
[BlackElo "2454"]
[PlyCount "48"]

1. d4 Nf6 2. Nf3 e6 3. Bg5 Bb4+ 4. c3 Be7 5. e3 O-O 6. Bd3 Nc6 7. Qc2 h6 8.
Bxf6 Bxf6 9. Nbd2 d5 10. g4 e5 11. dxe5 Nxe5 12. Nxe5 Bxe5 13. h4 Bxg4 14. f3
Bg3+ 15. Ke2 Be6 16. Rhg1 Qxh4 17. Rg2 Bh3 18. Rh1 Rae8 19. Bf5 Rxe3+ 20. Kxe3
Qf4+ 21. Ke2 Bxg2 22. Rg1 Bxf3+ 23. Nxf3 Re8+ 24. Kf1 24... Qxf3+ {mk16 resigns
} 0-1

[Event "ICS rated blitz match"]
[Site "207.99.83.227"]
[Date "1999.03.24"]
[Round "?"]
[White "Hossa"]
[Black "TDChess"]
[Result "0-1"]
[WhiteElo "2508"]
[BlackElo "2576"]
[Annotator "Crafty v16.6"]
[PlyCount "142"]

{annotating for player Hossa using a scoring margin of +0.10 pawns. search
time limit is 12.00} 1. e4 1... e6 2. d4 d5 3. Nc3 Bb4 4. Qg4 Nf6 5. Qxg7 Rg8
6. Qh6 Rg6 7. Qh3 dxe4 8. Nge2 e5 9. Qe3 exd4 10. Nxd4 Qe7 11. Bd2 Bc5 12. Nce2
({8:-0.29} 12. Nce2 12... Ng4 13. Qb3 Rb6 14. Qa4+ Bd7 15. Qa5 Nc6 16. Qc3 $10)
({8:+0.41} 12. Na4 12... Nd5 13. Qb3 Bxd4 14. Qxd5 Rd6 15. Bb5+ Nd7 16. Qf5 $14
) 12... Ng4 13. Qc3 Rf6 14. f3 Bxd4 15. Qxd4 exf3 16. gxf3 Ne5 17. Bg2 Bh3 18.
f4 Bxg2 19. fxe5 Rg6 20. Rg1 Nc6 21. Qf2 Bd5 22. Rxg6 hxg6 23. Bc3 Nxe5 24.
O-O-O Bxa2 25. Qe3 Ng4 26. Qxe7+ Kxe7 27. b3 Bxb3 28. cxb3 Nxh2 29. Nf4 Rc8 30.
Nd5+ Ke6 31. Nf4+ Kf5 32. Nd5 Re8 33. Nxc7 Re7 34. Nb5 a6 35. Nd6+ Kg4 36. Bf6
Rc7+ 37. Kb2 Nf3 38. Rc1 Rd7 39. Nc4 Kf5 40. Rf1 Kxf6 41. Rxf3+ Kg7 42. Nb6 Re7
43. Kc3 g5 44. Nd5 Re6 45. Ne3 f6 46. Nf5+ Kg6 47. b4 a5 48. bxa5 Re5 49. Nd6
Rxa5 50. Kb2 g4 51. Rb3 Rg5 52. Rxb7 g3 53. Kc3 g2 54. Rb1 g1=Q 55. Rxg1 Rxg1
56. Kd2 f5 57. Nc4 f4 58. Ne5+ Kf5 59. Nf3 Rg2+ 60. Kd3 Rf2 61. Nd4+ Kg4 62.
Nc6 f3 63. Ne5+ Kg3 64. Nc4 Ra2 65. Nd6 f2 66. Nf5+ Kf4 67. Ng3 Kxg3 68. Ke3
f1=Q 69. Ke4 Rd2 70. Ke5 Qf7 71. Ke4 Qf4# 0-1

[Event "ICS rated blitz match"]
[Site "207.99.83.227"]
[Date "1999.03.24"]
[Round "?"]
[White "Hossa"]
[Black "TDChess"]
[Result "0-1"]
[WhiteElo "2495"]
[BlackElo "2591"]
[Annotator "Crafty v16.6"]
[PlyCount "72"]

{annotating for player Hossa using a scoring margin of +0.10 pawns. search
time limit is 12.00} 1. e4 1... e6 2. d4 d5 3. Nc3 Bb4 4. Qg4 Nf6 5. Qxg7 Rg8
6. Qh6 Rg6 7. Qh3 dxe4 8. Nge2 e5 9. Qe3 exd4 10. Nxd4 Qe7 11. Bd2 Bc5 12. Na4
Nd5 13. Qb3 Bxd4 14. Qxd5 Rd6 15. Bb5+ ({7:-2.81} 15. Bb5+ 15... c6 16. Qh5
cxb5 17. Qxb5+ Qd7 18. Qxd7+ Bxd7 19. Bf4 Ra6 20. Nc3 $19) ({7:+0.01} 15. Qb5+
15... Nc6 16. Bg5 Qd7 17. Bc4 a6 18. Qb3 18... Qf5 $10) 15... c6 16. Qh5 cxb5
17. Qxb5+ Bd7 18. Qxb7 Bxf2+ 19. Kxf2 e3+ 20. Bxe3 Rf6+ 21. Qf3 Rxf3+ 22. gxf3
Qh4+ 23. Kg1 Bxa4 24. b3 Bc6 25. Bf2 Qh3 26. Re1+ Kf8 27. Bc5+ Kg7 28. Bd4+ Kg6
29. Re3 Bxf3 30. Rxf3 Qxf3 31. c3 Nc6 32. h4 Nxd4 33. Rh2 Qd1+ 34. Kg2 Qe2+ 35.
Kg1 Nf3+ 36. Kh1 Qxh2# 0-1

[Event "ICS rated blitz match"]
[Site "207.99.83.227"]
[Date "1999.03.24"]
[Round "?"]
[White "TDChess"]
[Black "Hossa"]
[Result "1-0"]
[WhiteElo "2603"]
[BlackElo "2483"]
[Annotator "Crafty v16.6"]
[PlyCount "89"]

{annotating for player Hossa using a scoring margin of +0.10 pawns. search
time limit is 12.00} 1. Nf3 1... Nc6 2. e4 Nf6 3. e5 Ng4 4. d4 d6 5. Bb5 dxe5
6. h3 e4 7. hxg4 exf3 8. Qxf3 Bd7 9. Be3 Nxd4 10. Bxd4 Bxb5 11. Qxb7 Bd7 12. f3
a5 ({9:-0.86} 12... a5 13. Nd2 Rb8 14. Qe4 Rb4 15. c4 c5 16. Bxc5 Rxb2 17. Rxh7
$16) ({9:-0.70} 12... c5 13. Bxc5 Rb8 14. Qxa7 Rxb2 15. Na3 Bc6 16. Bd4 16...
Rb4 $14) 13. Be5 Rc8 ({8:-1.04} 13... Rc8 14. Nd2 Be6 15. O-O-O Qd5 16. Qxd5
Bxd5 17. Kb1 17... e6 $16) ({8:-0.62} 13... Qb8 14. Qe4 Ra6 15. Rxh7 Rxh7 16.
Qxh7 Re6 17. Qe4 Qb4+ 18. Qxb4 18... axb4 $14) 14. Nc3 f6 15. Bg3 e6 ({9:-1.26
} 15... e6 16. O-O-O Bb4 17. Nb5 e5 18. g5 fxg5 19. Bxe5 O-O 20. Nxc7 $16) ({
9:-0.70} 15... Rb8 16. Qe4 Rxb2 17. Nd5 Kf7 18. Nxc7 e5 19. Qd5+ Kg6 20. Ne6
$14) 16. O-O-O Bb4 17. Nb5 e5 18. Qe4 c6 19. Nd6+ Bxd6 20. Rxd6 Qe7 21. Rhd1
Be6 22. Rxc6 O-O 23. Be1 Rxc6 24. Qxc6 Bxa2 25. Bxa5 Be6 26. c3 Bb3 27. Rd2 Qf7
28. Bb6 Ba2 29. Kd1 Bb3+ 30. Ke2 Rb8 31. Ke1 Qg6 32. Kf2 Qh6 33. Rd7 Qc1 34.
Qc7 Qc2+ 35. Kg3 Ra8 36. Rxg7+ Kh8 37. Qe7 Rg8 38. Rxg8+ Kxg8 39. Qxf6 Qxb2 40.
Bc5 Bf7 41. Qd8+ Kg7 42. Bf8+ Kg6 43. Qd6+ Be6 44. Qxe6+ Kg5 45. Be7# 1-0

[Event "ICS rated blitz match"]
[Site "207.99.83.227"]
[Date "1999.03.24"]
[Round "?"]
[White "jo"]
[Black "Hossa"]
[Result "1-0"]
[WhiteElo "2447"]
[BlackElo "2472"]
[Annotator "Crafty v16.6"]
[PlyCount "131"]

{annotating for player Hossa using a scoring margin of +0.10 pawns. search
time limit is 12.00} 1. e4 1... c5 2. Nf3 Nc6 3. Bb5 a6 4. Bxc6 dxc6 5. d3 Bg4
6. O-O e6 7. h3 Bxf3 ({9:-0.83} 7... Bxf3 8. Qxf3 Bd6 9. Na3 Qf6 10. Qh5 Qd4
11. Nc4 Nf6 12. Nxd6+ Qxd6 13. Qg5 $16) ({9:-0.53} 7... Bh5 8. Nc3 Nf6 9. Bg5
Qc7 10. Qe2 Be7 11. Bxf6 Bxf6 12. Qe3 $14) 8. Qxf3 Bd6 9. a4 Ne7 10. a5 Qc7 ({
8:-0.56} 10... Qc7 11. Nd2 Bh2+ 12. Kh1 Be5 13. Qh5 O-O 14. Nf3 14... Bd4 $14)
({8:-0.15} 10... Bc7 11. Be3 Qd6 12. Rd1 O-O 13. c4 Qh2+ 14. Kf1 Be5 15. Nc3
$10) 11. Nd2 O-O 12. Nc4 Ng6 13. Nxd6 Qxd6 14. Qe2 Qe5 15. f4 Qd4+ 16. Qf2
Qxf2+ 17. Kxf2 f5 18. e5 Rad8 19. Be3 Rd5 20. Ra4 Rb8 21. Rc4 b5 22. axb6 Rxb6
23. b3 Rb5 24. Ra1 a5 25. g3 Rd8 26. Rxc5 Rxc5 27. Bxc5 h5 28. h4 Ra8 29. Bb4
Kh7 30. Rxa5 Rc8 31. Bc5 Rb8 32. Ra7 Rc8 33. Ke3 Kh6 34. Kd4 Rd8+ 35. Kc4 Rc8
36. Kb4 Rb8+ 37. Ka4 Rc8 38. Ka5 Rb8 39. Ka6 Rb5 40. b4 Rb8 41. Rc7 Ra8+ 42.
Ba7 c5 43. b5 c4 44. b6 cxd3 45. cxd3 Re8 46. b7 Rd8 47. Rc8 Rxd3 48. b8=Q Ra3+
49. Kb5 Rb3+ 50. Kc5 Rxb8 51. Rxb8 Kh7 52. Kd6 Nh8 53. Kxe6 Kg6 54. Bc5 Nf7 55.
Rb6 Nh6 56. Ke7+ Kh7 57. Kf8 Ng4 58. e6 Nf6 59. Bd4 Nd5 60. Rd6 Nc7 61. e7 g6
62. Bb6 Ne8 63. Kxe8 g5 64. Kf8 gxh4 65. e8=Q Kh8 66. Qxh5# 1-0

[Event "ICS rated blitz match"]
[Site "207.99.83.227"]
[Date "1999.03.24"]
[Round "?"]
[White "TDChess"]
[Black "Hossa"]
[Result "1-0"]
[WhiteElo "2601"]
[BlackElo "2455"]
[Annotator "Crafty v16.6"]
[PlyCount "83"]

{annotating for player Hossa using a scoring margin of +0.10 pawns. search
time limit is 12.00} 1. Nf3 1... Nc6 2. e4 Nf6 3. e5 Ng4 4. d4 d6 5. Bb5 dxe5
6. h3 e4 7. hxg4 exf3 8. Qxf3 Bd7 9. Be3 Nxd4 10. Bxd4 Bxb5 11. Qxb7 Bd7 12. f3
a6 ({9:-0.92} 12... a6 13. Nd2 c5 14. Bxc5 Rb8 15. Qxa6 Rxb2 16. Qd3 16... Qc7
$16) ({9:-0.70} 12... c5 13. Bxc5 Rb8 14. Qxa7 Rxb2 15. Na3 Bc6 16. Bd4 16...
Rb4 $14) 13. Nd2 Rb8 14. Qxa6 Bxg4 15. Be5 f6 ({9:-1.90} 15... f6 16. fxg4 fxe5
17. Rxh7 Rxh7 18. Qg6+ Kd7 19. O-O-O Rh6 20. Ne4+ Kc8 21. Rxd8+ Kxd8 22. Qf7
$18) ({9:-1.29} 15... Rb6 16. Qc4 Re6 17. Qa4+ c6 18. O-O-O Bf5 19. Nc4 Qc8 20.
Qb4 $16) 16. fxg4 fxe5 17. Rxh7 Rxh7 18. Qg6+ Kd7 19. O-O-O Rh6 20. Nc4+ Kc8
21. Rxd8+ Kxd8 22. Qf5 Rf6 23. Qd3+ Kc8 24. g5 Rf2 25. Nxe5 Rb6 26. Qd7+ Kb7
27. Qd5+ Ka7 28. Nc6+ Ka6 29. Nd4 Ka7 30. Nb5+ Kb8 31. Qd8+ Kb7 32. Qxc7+ Ka6
33. c4 Rf1+ 34. Kc2 Rxb5 35. cxb5+ Kxb5 36. a4+ Kxa4 37. Qb6 Rc1+ 38. Kxc1 e5
39. Kc2 Bb4 40. b3+ Ka3 41. Qa6+ Ba5 42. Qxa5# 1-0

[Event "ICS rated blitz match"]
[Site "207.99.83.227"]
[Date "1999.03.25"]
[Round "?"]
[White "Hossa"]
[Black "Kob"]
[Result "1-0"]
[WhiteElo "2463"]
[BlackElo "2201"]
[PlyCount "65"]

1. e4 c5 2. Bc4 e6 3. Nc3 Ne7 4. Nf3 d5 5. exd5 exd5 6. Bb5+ Nbc6 7. O-O Bg4 8.
Re1 Qd6 9. Bxc6+ bxc6 10. d3 Qf6 11. Bg5 Bxf3 12. Bxf6 Bxd1 13. Bxe7 Bxe7 14.
Nxd1 Kd7 15. Ne3 Bf6 16. Rab1 Rhe8 17. a4 Rab8 18. b3 Bc3 19. Rec1 Bd2 20. Rf1
f6 21. Nf5 g6 22. Ng3 f5 23. Rbd1 Bc3 24. f4 Re3 25. Rc1 Rbe8 26. Rfd1 h5 27.
Nf1 Re2 28. Ng3 R2e6 29. Nf1 h4 30. Rb1 Re2 31. Rdc1 Rf2 32. Kxf2 Bd4+ 33. Kf3
{Kob resigns} 1-0

[Event "ICS rated blitz match"]
[Site "207.99.83.227"]
[Date "1999.03.25"]
[Round "?"]
[White "Kob"]
[Black "Hossa"]
[Result "0-1"]
[WhiteElo "2195"]
[BlackElo "2469"]
[PlyCount "53"]

1. e4 c5 2. Nf3 Nc6 3. d4 cxd4 4. Nxd4 Qb6 5. Nb3 Nf6 6. Bd3 d6 7. O-O Bg4 8.
Qe1 d5 9. exd5 Nxd5 10. c4 Ndb4 11. Qe4 f5 12. Qe6 Nxd3 13. h3 Bh5 14. Nc3 Bf7
15. Qxf5 Bxc4 16. Be3 Qb4 17. Nd2 Nxb2 18. Nxc4 Nxc4 19. Nd5 Qa5 20. Rad1 Nd6
21. Qh5+ g6 22. Qg4 Nf5 23. Qc4 Rc8 24. Bg5 Bg7 25. Rfe1 b5 26. Qb3 Ncd4 27.
Qb2 {Kob resigns} 0-1

[Event "ICS rated blitz match"]
[Site "207.99.83.227"]
[Date "1999.03.25"]
[Round "?"]
[White "TDChess"]
[Black "Hossa"]
[Result "1-0"]
[WhiteElo "2596"]
[BlackElo "2479"]
[Annotator "Crafty v16.6"]
[PlyCount "87"]

{annotating for player Hossa using a scoring margin of +0.10 pawns. search
time limit is 12.00} 1. Nf3 1... Nc6 2. e4 Nf6 3. e5 Ng4 4. d4 d6 5. Bb5 dxe5
6. h3 e4 7. hxg4 exf3 8. Qxf3 Bd7 9. Be3 Nxd4 10. Bxd4 Bxb5 11. Qxb7 Bd7 12. f3
a6 ({9:-0.92} 12... a6 13. Nd2 c5 14. Bxc5 Rb8 15. Qxa6 Rxb2 16. Qd3 16... Qc7
$16) ({9:-0.70} 12... c5 13. Bxc5 Rb8 14. Qxa7 Rxb2 15. Na3 Bc6 16. Bd4 16...
Rb4 $14) 13. Nd2 Rb8 14. Qxa6 Bxg4 15. Qc6+ Bd7 16. Qc3 f6 17. O-O-O e5 18. Be3
Be7 19. Nb3 Qc8 20. Bc5 Bd8 21. Qc4 Be6 22. Qe4 Bf5 23. Qa4+ Bd7 24. Qh4 Be6
25. Qg3 Kf7 26. Kb1 Rb5 27. Ba3 Bxb3 28. cxb3 Qf5+ 29. Ka1 Ra5 30. Rd2 Qc8 31.
Rhd1 g5 32. Rd7+ Kg6 33. Qe1 Ra6 34. Qe4+ f5 35. Qd5 Rf6 36. Qxe5 g4 37. fxg4
Kg5 38. gxf5 Qxd7 39. Rxd7 Kh5 40. Rd4 Rc6 41. f6+ Kh6 42. Rh4+ Kg6 43. Rg4+
Kf7 44. Rg7# 1-0

[Event "ICS rated blitz match"]
[Site "207.99.83.227"]
[Date "1999.03.25"]
[Round "?"]
[White "Hossa"]
[Black "TDChess"]
[Result "0-1"]
[WhiteElo "2468"]
[BlackElo "2607"]
[Annotator "Crafty v16.6"]
[PlyCount "106"]

{annotating for player Hossa using a scoring margin of +0.10 pawns. search
time limit is 12.00} 1. e4 1... e6 2. d4 d5 3. Nc3 Bb4 4. Qg4 Nf6 5. Qxg7 Rg8
6. Qh6 Rg6 7. Qh3 dxe4 8. Nge2 e5 9. Qe3 exd4 10. Nxd4 Qe7 11. Bd2 Bc5 12. Nce2
({8:-0.29} 12. Nce2 12... Ng4 13. Qb3 Rb6 14. Qa4+ Bd7 15. Qa5 Nc6 16. Qc3 $10)
({8:+0.41} 12. Na4 12... Nd5 13. Qb3 Bxd4 14. Qxd5 Rd6 15. Bb5+ Nd7 16. Qf5 $14
) 12... Ng4 13. Qb3 ({7:-0.47} 13. Qb3 13... Rb6 14. Qh3 Qf6 15. Be3 Rxb2 16.
Qxh7 Nxe3 17. fxe3 $15) ({7:-0.26} 13. Qc3 13... Nc6 14. h3 Nxf2 15. Kxf2 Qf6+
16. Ke3 Bxd4+ 17. Nxd4 Rg3+ 18. Nf3 Qxc3+ 19. Bxc3 exf3 20. gxf3 $10) 13... Rb6
14. Qa4+ ({7:-1.12} 14. Qa4+ 14... Bd7 15. Qc4 Rxb2 16. Bc3 Rb6 17. h3 17...
Ne5 $17) ({7:-0.94} 14. Qd5 14... Rxb2 15. Bg5 Bb4+ 16. c3 f6 17. Bf4 17... Bc5
$17) 14... Bd7 15. Qa5 ({7:-1.74} 15. Qa5 15... Nc6 16. Qc3 Nxd4 17. Nxd4 Qe5
18. Be3 18... O-O-O $19) ({7:-1.18} 15. Qc4 15... Nc6 16. h3 Nge5 17. Qd5 Rxb2
18. Qxe4 Nxd4 19. Nxd4 Bxd4 20. Qxd4 20... Rxc2 $17) 15... e3 16. fxe3 Nxe3 17.
Bxe3 Bb4+ 18. Bd2 Bxa5 19. Bxa5 Rxb2 20. Bc3 Rb6 21. Ba5 Rd6 22. Bb4 Qh4+ 23.
g3 Qe4 24. Bxd6 Qxh1 25. Bxc7 Na6 26. Be5 Bh3 27. Kf2 Qxh2+ 28. Kf3 Qh1+ 29.
Kf2 Bxf1 30. Rxf1 Qd5 31. Nc3 Qc5 32. Bf6 Kf8 33. Ne4 Qd5 34. Nc3 Qd6 35. Bg7+
Kg8 36. Re1 Qb4 37. Nd5 Qc5 38. Ne3 Kxg7 39. Nef5+ Kh8 40. Re7 Nb4 41. Rxb7
Nxc2 42. Rd7 Nxd4 43. Nxd4 Rg8 44. Kg2 Qe5 45. Kf1 Qxg3 46. Rxf7 Qh3+ 47. Ke2
Re8+ 48. Kd2 Qe3+ 49. Kc2 Rc8+ 50. Rc7 Rxc7+ 51. Nc6 Rxc6+ 52. Kb2 Qc3+ 53. Kb1
Rb6# 0-1